| 000 | 00925nam a2200265 i 4500 | ||
|---|---|---|---|
| 001 | 10358 | ||
| 003 | ES-MaACL | ||
| 005 | 20240430133559.0 | ||
| 007 | t| | ||
| 008 | 950524s1995 sp ||||1| spa d | ||
| 020 | _a84-339-1391-3 | ||
| 080 | _a172"19" | ||
| 080 | _a316.75"19" | ||
| 100 | 1 |
_aRivière, Margarita. _997740 |
|
| 245 | 1 | 3 |
_aLa década de la decencia _b: intolerancias "prêt-á-porter", moralina mediática y otras indecencias de los años noventa / _cMargarita Rivière ; [prólogo de Manuel Vázquez Montalbán]. |
| 260 |
_aBarcelona : _bAnagrama, _cD.L. 1995. |
||
| 300 |
_a211 p. ; _c20 cm. |
||
| 490 | 1 |
_aColección Argumentos ; _v161 |
|
| 650 | 1 | 4 |
_aValores sociales- _yS.XX. _917735 |
| 650 | 0 | 4 |
_aIdeología- _yS.XX. _913547 |
| 700 | 0 |
_aVázquez Montalbán, Manuel, _d1939- _9113463 |
|
| 830 | 0 |
_aColección Argumentos ; _v161 _9178071 |
|
| 852 |
_aES-MaACL _jL-17924 |
||
| 999 |
_c10358 _d10358 |
||